000 00862cam a2200241 a 4500
001 000006540
005 20200929153940.0
008 780515s1970 cr 001 0 spa
040 _aDO-SdBNP
_bspa
_cBNPHU
082 _a929.9
_bF395b
100 1 _aFerro, Carlos A.
_916768
245 1 4 _aLas banderas centroamericanas :
_bsu inspiración en el pabellón argentino /
_cCarlos A. Ferro ; prólogo Jorge Fidel Durón.
260 _aSan José, Costa Rica :
_bCentroamericana,
_c1970.
300 _a186 p. ;
_c20 cm.
490 1 _aTemas
650 4 _aHeráldica
_92728
650 4 _aBanderas
_xHistoria
_zGuatemala
_918160
650 4 _aBanderas
_zCosta Rica
_918161
650 4 _aBanderas
_xHistoria
_zHonduras
_918162
650 4 _aEmblema nacional
_zAmérica Latina
_xHistoria
_xFuentes
_918163
700 1 _aDurón, Jorge Fidel,
_epról.
_918164
830 0 _aTemas
_99064
999 _c6331
_d6331